Dicionário de verbos portugueses (Registo nº 12)

Detalhes MARC
000 -Etiqueta do registo
Cabeçalho 00738nam a2200313 4500
005 - Identificador da versão
Campo de controlo 20240813121752.0
010 ## - Número internacional normalizado dos livros (ISBN)
Número (ISBN) 9720010347
021 ## - Número do Depósito Legal
Código do país PT
Número 138476/99
035 ## - Other System Control Numbers
System Control Number 0000012
System Control Number 0000012
System Control Number 0000012
System Control Number 0000012
100 ## - Dados gerais de processamento
Dados gerais de processamento 20000406d1999 m y0pory5003 ba
102 ## - Pais de publicação ou produção
País de publicação Portugal
101 0# - Língua de publicação
Língua do texto, banda sonora, etc. Português
106 ## - Campo de dados codificados: material textual
Dados codificados do material textual r
105 ## - Campo de dados codificados: livros
Dados codificados dos livros y e 001yy
215 ## - Descrição física 
Indicação específica da natureza do documento e extensão da espécie 958 p. a 2 colns.
Dimensões 26 cm
200 1# - Titulo e menção de responsabilidade
Título próprio Dicionário de verbos portugueses
225 2# - Colecção 
Título próprio da colecção Dicionários Editora
205 ## - Menção da edição
Menção da edição 1ª ed
210 ## - Publicação, Distribuição, etc. 
Lugar da edição, distribuição, etc. Porto
Nome do editor, distribuidor, etc. Porto Editora
Data da publicação, distribuição, etc. 1999
675 ## - Classificação Decimal Universal (CDU)
Notação 811.134.3'36(043.2)
Edição BN
Língua da edição por
966 ## - Identificação da Biblioteca
Sigla NUMETECA
942 ## - Elementos de entrada adicionados (Koha)
Tipo de item no Koha Livro
Exemplares
Situação do levantamento Origin of item (home branch) (coded) Biblioteca de empréstimo Código de barras Cota Circulation type (not for loan) Tipo de documento Nota do exemplar Damaged status
  Biblioteca Escolar Eng. Nuno Mergulhão Biblioteca Escolar Eng. Nuno Mergulhão BENM13 811 DIC   Cativo Sem mensagem  
  Biblioteca Escolar Eng. Nuno Mergulhão Biblioteca Escolar Eng. Nuno Mergulhão BENM14 811   Cativo Sem mensagem